Eredivisie 2026/27 - nagła śmierć - Statystyki

Ogólne statystyki
  • Ten quiz został rozwiązany 22 razy
  • Średni wynik to 8 z 18
Answers on the Grid
Answers color-coded by a green-red scale on the quiz's grid according to % correct below.
NAC Breda
Willem II Tilburg
SC Telstar
Vitesse Arnhem
Ajax Amsterdam
Roda JC Kerkrade
Fortuna Sittard
FC Twente
VVV Venlo
FC Den Bosch
FC Groningen
sc Heerenveen
RKC Waalwijk
SC Cambuur
Go Ahead Eagles
ADO Den Haag
Almere City FC
Excelsior Rotterdam
Feyenoord
Heracles Almelo
AZ Alkmaar
FC Utrecht
FC Volendam
PSV Eindhoven
NEC Nijmegen
De Graafschap
Sparta Rotterdam
PEC Zwolle
FC Dordrecht
TOP Oss
 
Statystyki odpowiedzi
Odpowiedź % Poprawnych
Ajax Amsterdam
75%
AZ Alkmaar
69%
FC Twente
69%
Feyenoord
69%
NEC Nijmegen
63%
PSV Eindhoven
56%
sc Heerenveen
56%
FC Utrecht
50%
Fortuna Sittard
44%
ADO Den Haag
38%
FC Groningen
38%
Go Ahead Eagles
38%
PEC Zwolle
38%
Sparta Rotterdam
38%
Excelsior Rotterdam
31%
SC Cambuur
13%
SC Telstar
13%
Willem II Tilburg
6%
Nie znaleziono quizów pasujących do podanych kryteriów
Rozkład punktacji
Procent ludzi z każdym wynikiem
Percentyl według liczby udzielonych odpowiedzi
Twoja historia wyników
Nie rozwiązałeś tego quizu